000 00438nam a2200121 a 4500
008 120416s9999 xx |||||||||||||| || u
050 _aNA 9050 Reg
100 _aBencze, Imre
245 1 0 _aRegional studies
_cedited by Imre Bencze
246 _amethods and analyses
350 _a0.00
995 _D0.00
_FCBU-MAIN LIBRARY (Kitwe)
_H1
_I0.00
_UAVAILABLE
_ZMain Library Open Access Collection
999 _c55931
_d55931